Nehru- Patel : (Record no. 6174)

MARC details
000 -LEADER
fixed length control field 00517cam a2200205ua 4500
001 - CONTROL NUMBER
control field 7042
005 - DATE AND TIME OF LATEST TRANSACTION
control field 20260515114139.0
008 - FIXED-LENGTH DATA ELEMENTS--GENERAL INFORMATION
fixed length control field 141120n ii |||gr||||Z||||||eng
020 ## - INTERNATIONAL STANDARD BOOK NUMBER
International Standard Book Number 9788123758749
040 ## - CATALOGING SOURCE
Transcribing agency MAIN
041 ## - LANGUAGE CODE
Language code of text/sound track or separate title eng
082 ## - DEWEY DECIMAL CLASSIFICATION NUMBER
Classification number 320
100 ## - MAIN ENTRY--PERSONAL NAME
Personal name Singh, Neerja,
Relator term Editor.
245 10 - TITLE STATEMENT
Title Nehru- Patel :
Remainder of title Agreement within differences /
Statement of responsibility, etc. Edited by Neerja Singh .
250 ## - EDITION STATEMENT
Edition statement 1st.
260 ## - PUBLICATION, DISTRIBUTION, ETC.
Place of publication, distribution, etc. New Delhi:
Name of publisher, distributor, etc. National book,
Date of publication, distribution, etc. 2010.
300 ## - PHYSICAL DESCRIPTION
Extent xvi,373p.
653 ## - INDEX TERM--UNCONTROLLED
Uncontrolled term Nehru Views
942 ## - ADDED ENTRY ELEMENTS (KOHA)
Koha item type Books
Holdings
Withdrawn status Lost status Damaged status Not for loan Home library Current library Shelving location Date acquired Total checkouts Full call number Barcode Date last seen Copy number Price effective from Koha item type
        Naharkatiya College Library Naharkatiya College Library General stacks 09/19/2020   320.5 | NEH 21658 09/19/2020 1 09/19/2020 Books